| 000 | 00604nam a22001577a 4500 | ||
|---|---|---|---|
| 999 |
_c60715 _d60715 |
||
| 005 | 20231012155329.0 | ||
| 008 | 231012s1979 it ||||| |||| 00| 0 ita d | ||
| 041 | _aita | ||
| 080 | _a902 D-72 | ||
| 100 |
_aDonati, Pierangelo _920067 |
||
| 245 |
_aLocarno - La necropoli romana di Solduno : _bCatalogo dei materiali / _cDonati, Pierangelo. |
||
| 264 |
_aBellinzona. _c1979. |
||
| 300 |
_a294 p.: _bill.; _c25 cm. |
||
| 653 | _aლოკარნო - სოლდუნოს რომაული ნეკროპოლისი - მასალების კატალოგი | ||
| 942 |
_2udc _cBK |
||